|
|
|
|
| LEADER |
00000nab a2200000uu 4500 |
| 001 |
vtls011529769 |
| 003 |
SK-MaSNL |
| 005 |
20260304002218.0 |
| 008 |
230121|1951 xo |||||||||||||||||slo| |
| 015 |
|
|
|a SNBRB
|
| 035 |
|
|
|a (urnnbn)urn:nbn:sk:snk:ar-a08ywv
|
| 035 |
|
|
|a (uuid)b3f0fa0c-8f2b-4004-9d5a-fcb2c2fd238c
|
| 035 |
|
|
|a urn:nbn:sk:snk-abeg34
|
| 040 |
|
|
|a SNKBUCL
|b slo
|c SNKBUCL
|e AACR2
|
| 041 |
0 |
|
|a slo
|
| 044 |
|
|
|a xo
|c SK
|
| 100 |
1 |
|
|a Brunner, Emil
|4 aut
|9 1125625
|
| 245 |
1 |
0 |
|a DESATORO
|c Emil Brunner, M. P. Sloboda
|
| 700 |
1 |
|
|a Sloboda, M. P.
|4 trl
|9 1279544
|
| 773 |
0 |
|
|t Cirkevné listy : časopis venovaný záujmom cirkve evanjelickej a. v.
|g Roč. 64, č. 1-2 (1951), s. 8-10
|
| 954 |
|
|
|a odborná, vedecká literatúra pôvodná (slovenská)
|2 lita
|
| 958 |
|
|
|a OND
|
| 958 |
|
|
|a EUIPO
|
| 958 |
|
|
|a article21
|
| 999 |
|
|
|c 2540621
|d 2542551
|